000 00716nam a2200289Ia 4500
005 20260324122756.0
008 008 260324s9999 xx 000 0 eng d
020 _a9781315261799
037 _aEBOOK
040 _aCRL
040 _beng
040 _cCRL
041 _2eng
041 _aeng
084 _qCRL
100 _aJoseph Kroger; Patrizia Granziera
_91167768
245 0 _aAztec Goddesses and Christian Madonnas
245 0 _bImages of the Divine Feminine in Mexico
260 _bTaylor and Francis
260 _c2012
365 _a
365 _b240
856 _uhttp://www.taylorfrancis.com/books/9781315261799
942 _cEBOOK
999 _c1760756
_d1760756